Violações dos direitos de crianças e adolescentes na mídia : (Record no. 49)

MARC details
000 -LÍDER
Campo Fixo de Controle 00820nam a22002417a 4500
001 - NÚMERO DE CONTROLE
Campo de Controle 49
003 - IDENTIFICAÇÃO DO NÚMERO DE CONTROLE
Campo de Controle BR-CuiBMT
005 - DATA E HORA DA ÚLTIMA ATUALIZAÇÃO
Campo de Controle 20230810210317.0
008 - DADOS FIXOS
Dados Fixos 230808b2021 mgbaaaa 000 0 por d
020 ## - INTERNATIONAL STANDARD BOOK NUMBER
Nº do ISBN 9786555182170
040 ## - AGÊNCIA CATALOGADORA
Código da Agência Catalogadora BR-CuiBMT
Agência que transcreveu o registro BR-CuiBMT
080 ## - Nº DA CLASSIFICAÇÃO DECIMAL UNIVERSAL
Nº Class. CDU 342.7-053.2/.6
Subd. Auxiliar Comum -053.2/.6
Nº edição CDU 2007
090 ## - NÚMERO DE CHAMADA
Nº classificação 342.7-053.2/.6
Cutter F363v
100 1# - ENTRADA PRINCIPAL -- AUTOR PESSOAL
Nome pessoal Fernandes, Rômulo Magalhães
245 10 - TÍTULO PRINCIPAL
Título principal Violações dos direitos de crianças e adolescentes na mídia :
Subtítulo programas policialescos e a classificação indicativa no Brasil /
Indicação de responsabilidade Rômulo Magalhães Fernandes.
260 ## - PUBLICAÇÃO, DISTRIBUIÇÃO, ETC.
Local de publicação Belo Horizonte :
Editora Fórum,
Data 2021.
300 ## - DESCRIÇÃO FÍSICA
N. páginas ou volumes 306 p. :
Ilustrações il. ;
Dimensões 22 cm
504 ## - NOTA DE BIBLIOGRAFIA, ETC.
Nota de bibliografia Inclui bibliografia.
650 ## - ASSUNTO TÓPICO
Cabeçalho tópico ou nome geográfico Direitos humanos
650 ## - ASSUNTO TÓPICO
Cabeçalho tópico ou nome geográfico Direito de crianças e adolescentes
650 ## - ASSUNTO TÓPICO
Cabeçalho tópico ou nome geográfico Direito constitucional
942 ## - ELEMENTOS DE ENTRADA ADICIONAIS (KOHA)
Fonte de classificação ou esquema de arquivamento Classificação Decimal Universal
Tipo de item do Koha Livros
Holdings
Estado: removido Estado: perdido Fonte de classificação ou esquema de arquivamento Estado: danificado Indisponível para empréstimo Localização permanente Localização atual Data de aquisição Total Checkouts Número de Chamada completo Código de barras Date last seen Número do exemplar Preço efetivo a partir de Tipo de item (Koha)
    Classificação Decimal Universal     Biblioteca da Escola Superior de Contas do TCE/MT Biblioteca da Escola Superior de Contas do TCE/MT 28/07/2023   342.7-053.2/.6 F363v BIBTCEMT23080025 08/08/2023 Ex. 1 08/08/2023 Livros
    Classificação Decimal Universal     Biblioteca da Escola Superior de Contas do TCE/MT Biblioteca da Escola Superior de Contas do TCE/MT 29/09/2023   342.7-053.2/.6 F363v BIBTCEMT23090117 29/09/2023 Ex. 2 29/09/2023 Livros
    Classificação Decimal Universal     Biblioteca da Escola Superior de Contas do TCE/MT Biblioteca da Escola Superior de Contas do TCE/MT 29/09/2023   342.7-053.2/.6 F363v BIBTCEMT23090118 29/09/2023 Ex. 3 29/09/2023 Livros
    Classificação Decimal Universal     Biblioteca da Escola Superior de Contas do TCE/MT Biblioteca da Escola Superior de Contas do TCE/MT 29/09/2023   342.7-053.2/.6 F363v BIBTCEMT23090119 29/09/2023 Ex. 4 29/09/2023 Livros

Powered by Koha